Thị trường địa ốc : Phụ trương thông tin quản cáo của Thời báo Kinh tế Sài Gòn Số 3 (274)

Số này trình bày các thông tin về thị trường bất động sản, quan sát thị trường,ghi nhận thị trường, các dự án, doanh nghiệp, tin tức về chuyển động thị trường,...

Gespeichert in:
Bibliographische Detailangaben
Format: Buch
Sprache:Vietnamese
Veröffentlicht: Tp. Hồ Chí Minh Uỷ ban nhân dân Tp. Hồ Chí Minh 2016
Schlagworte:
Tags: Tag hinzufügen
Keine Tags, Fügen Sie den ersten Tag hinzu!
Thư viện lưu trữ: Thư viện Trường Đại học Nam Cần Thơ
LEADER 01097nam a22002057a 4500
001 NCT_130537
008 220310b xxu||||| |||| 00| 0 vie d
999 |c 6702  |d 6702 
041 0 |a vie 
082 0 4 |2 23rd ed.  |a 333.33  |b Th300T 
245 0 0 |a Thị trường địa ốc :  |b Phụ trương thông tin quản cáo của Thời báo Kinh tế Sài Gòn  |n Số 3 (274)  |c Uỷ ban nhân dân Tp. Hồ Chí Minh 
260 |a Tp. Hồ Chí Minh  |b Uỷ ban nhân dân Tp. Hồ Chí Minh  |c 2016 
300 |c 29cm 
310 |a 1 tháng 2 kỳ 
362 |a 02/2016 
520 3 |a Số này trình bày các thông tin về thị trường bất động sản, quan sát thị trường,ghi nhận thị trường, các dự án, doanh nghiệp, tin tức về chuyển động thị trường,... 
655 |a Tạp chí 
942 |2 ddc  |c CR 
952 |0 0  |1 0  |2 ddc  |4 0  |6 333_330000000000000_TH300T  |7 0  |9 24580  |a 000001  |b 000001  |d 2022-05-31  |o 333.33 Th300T  |r 2022-05-31  |w 2022-05-31  |y CR 
980 |a Thư viện Trường Đại học Nam Cần Thơ